| 000 | 00544nam a2200193Ia 4500 | ||
|---|---|---|---|
| 005 | 20260429112039.0 | ||
| 008 | 260429s9999||||xx |||||||||||||| ||und|| | ||
| 020 | _a9788119680306 | ||
| 041 | _aEnglish | ||
| 082 |
_a571.6 _bVEE |
||
| 100 | _aVeer Bhan, Manvender Singh | ||
| 245 | 0 |
_aBasics of cell and molecular biology / _cManvender Singh Veer Bhan |
|
| 260 |
_aDelhi : _bAcademic Publication, _c2024. |
||
| 300 | _aix, 404 p.; hb | ||
| 650 | _a Life sciences | ||
| 650 | _a Molecular biology | ||
| 650 | _aCell biology | ||
| 942 | _cTB | ||
| 999 |
_c52076 _d52076 |
||